DRAMA & ARTS IN EDUCATION AND SOCIAL EDUCATION (Record no. 27192)

MARC details
000 -LEADER
fixed length control field 00304nam a22001337a 4500
003 - CONTROL NUMBER IDENTIFIER
control field SGT
020 ## - INTERNATIONAL STANDARD BOOK NUMBER
International Standard Book Number 9789390142743
082 ## - DEWEY DECIMAL CLASSIFICATION NUMBER
Classification number 370,YAD
100 ## - MAIN ENTRY--PERSONAL NAME
Personal name YADAV,PRIYANKA
245 ## - TITLE STATEMENT
Title DRAMA & ARTS IN EDUCATION AND SOCIAL EDUCATION
260 ## - PUBLICATION, DISTRIBUTION, ETC. (IMPRINT)
Place of publication, distribution, etc NEW DELHI
Name of publisher, distributor, etc RENOVA
Year of Publication 2024
300 ## - PAGE DESCRIPTION
No. of Pages 224
942 ## - ADDED ENTRY ELEMENTS (KOHA)
Source of classification or shelving scheme Dewey Decimal Classification
Koha item type Books
Holdings
Withdrawn status Lost status Source of classification or shelving scheme Damaged status Not for loan Collection code Home library Current library Shelving location Date acquired Vendor Name Cost, normal purchase price SGTU Bill Number Full call number Accession No. (Barcode) Date last seen Bill Date Koha item type
    Dewey Decimal Classification   Not For Loan ENGINEERING SGT Engineering Library SGT Engineering Library Reference Book 23/10/2024 SGTU FACULTY PUBLICATIONS 950.00 SGTU SGT FACULTY PUBLICATIONS 370,YAD ED5366 23/10/2024 23/10/2024 Books